| 000 | 00436nam a2200157 i 4500 | ||
|---|---|---|---|
| 001 | 101985 | ||
| 003 | ES-MaACL | ||
| 005 | 20230906183026.0 | ||
| 007 | t| | ||
| 008 | 051028s1947 mx ||||1| spa d | ||
| 100 | 1 |
_aMéndez Plancarte, Gabriel. _980171 |
|
| 245 | 1 | 0 |
_aNuevos salmos y odas / _cGabriel Méndez Plancarte. |
| 260 |
_aMéxico : _bAbside, _c1947. |
||
| 300 |
_a50 p. ; _c23 cm. |
||
| 852 |
_aES-MaACL _j1884-F-10 _bR.25807 |
||
| 999 |
_c101985 _d101985 |
||